Los signos del cielo

Gespeichert in:
Bibliographische Detailangaben
1. Verfasser: González-Urizar, Fernando
Format: Buch
Sprache:Undetermined
Veröffentlicht: Madrid, España Ediciones Cultura Hispánica 1971
Schlagworte:
Tags: Tag hinzufügen
Keine Tags, Fügen Sie den ersten Tag hinzu!

MARC

LEADER 00000nam a2200000Ia 4500
008 170316s9999 xx 000 0 und d
040 |a cru BVZT 
090 |a 862 G-38s 
100 |a González-Urizar, Fernando 
245 |a Los signos del cielo 
260 |a Madrid, España  |b Ediciones Cultura Hispánica  |c 1971 
300 |a 291 páginas 
650 |a LITERATURA ESPAÑOLA 
942 |c 15 D 
999 |c 9929  |d 9929